| 000 | 00370nam a2200157 4500 | ||
|---|---|---|---|
| 003 | OSt | ||
| 008 | 240702b |||||||| |||| 00| 0 eng d | ||
| 020 | _a9781447290667 | ||
| 082 |
_a381.142 _bERA |
||
| 100 | _aERISMAN, Porter | ||
| 245 | _aAlibaba's World | ||
| 260 |
_aUnited Kingdom _bPan Books _c2015 |
||
| 300 | _axi, 236 p. | ||
| 650 | _aGeneral | ||
| 942 |
_2ddc _cBK |
||
| 999 |
_c12736 _d12736 |
||